Systems programming in parallel logic languages / (Record no. 180493)
[ view plain ]
| 000 -LEADER | |
|---|---|
| fixed length control field | 00886 a2200205 4500 |
| 003 - CONTROL NUMBER IDENTIFIER | |
| control field | Nust |
| 005 - DATE AND TIME OF LATEST TRANSACTION | |
| control field | 20221006102529.0 |
| 010 ## - LIBRARY OF CONGRESS CONTROL NUMBER | |
| LC control number | 89038590 |
| 020 ## - INTERNATIONAL STANDARD BOOK NUMBER | |
| International Standard Book Number | 0138807744 : |
| 040 ## - CATALOGING SOURCE | |
| Transcribing agency | Nust |
| 082 00 - DEWEY DECIMAL CLASSIFICATION NUMBER | |
| Classification number | 005.42,FOS |
| 100 1# - MAIN ENTRY--PERSONAL NAME | |
| Personal name | Foster, Ian, |
| 9 (RLIN) | 99234 |
| 245 10 - TITLE STATEMENT | |
| Title | Systems programming in parallel logic languages / |
| Statement of responsibility, etc. | Ian Foster. |
| 260 ## - PUBLICATION, DISTRIBUTION, ETC. | |
| Place of publication, distribution, etc. | New York : |
| Name of publisher, distributor, etc. | Prentice Hall, |
| Date of publication, distribution, etc. | 1990. |
| 300 ## - PHYSICAL DESCRIPTION | |
| Extent | xiv, 194 p. : |
| Other physical details | ill. ; |
| Dimensions | 24 cm. |
| 505 ## - FORMATTED CONTENTS NOTE | |
| Formatted contents note | Introduction (Page-1), Operating System Design (Page-7), Flat Parlog (Page-27), The Kernel (Page-33), kernel Implementation Techniques (Page-55), Performance Studies (Page-81), The Nucleus (Page-97),Programming Environments (Page-125), Other Issues (Page-157), Conclusion (Page-167). |
| 650 #0 - SUBJECT ADDED ENTRY--TOPICAL TERM | |
| Topical term or geographic name entry element | Parallel processing (Electronic computers) |
| 9 (RLIN) | 36595 |
| 650 #0 - SUBJECT ADDED ENTRY--TOPICAL TERM | |
| Topical term or geographic name entry element | Systems programming (Computer science) |
| 9 (RLIN) | 66948 |
| 942 ## - ADDED ENTRY ELEMENTS (KOHA) | |
| Source of classification or shelving scheme | |
| Koha item type | Book |
| Call number prefix | 005.42,FOS |
| Withdrawn status | Lost status | Source of classification or shelving scheme | Damaged status | Not for loan | Permanent Location | Current Location | Shelving location | Date acquired | Full call number | Barcode | Date last seen | Price effective from | Koha item type | Public note |
|---|---|---|---|---|---|---|---|---|---|---|---|---|---|---|
| Military College of Signals (MCS) | Military College of Signals (MCS) | General Stacks | 12/12/2016 | 005.42,FOS | MCS3393 | 12/08/2016 | 12/12/2016 | Book | Almirah No.6, Shelf No.1 |
